Real Madrid - Statistics

General Stats
  • This quiz has been taken 259 times
  • The average score is 9 of 11
Answer Stats
#/Pos./Nation Answer % Correct
7 Ronaldo
96%
9 Benzema
95%
4 Ramos
93%
11 Bale
91%
1 Navas
90%
8 Kroos
89%
2 Carvajal
87%
5 Varane
80%
3 Pepe
74%
6 Fernandez
63%
10 Rodriguez
63%
No matching quizzes found
Score Distribution
Percent of People with Each Score
Percentile by Number Answered
Your Score History
You have not taken this quiz